| 000 | 00390nam a2200145Ia 4500 | ||
|---|---|---|---|
| 008 | 210210b1975 xxu||||| |||| 00| 0 eng d | ||
| 082 | _a535.58 LYUS | ||
| 100 | _aLYUBAVSKY (Yu) & OVCHINNIKOV (V). | ||
| 245 | _aSolid state laser technology. | ||
| 260 |
_aMoscow _bMir Publishers _c1975 |
||
| 300 | _a280 | ||
| 650 | _aSolid State Laser Technology | ||
| 690 | _aOptics | ||
| 906 | _aSG00405 | ||
| 999 |
_c111868 _d111868 |
||